000 00481nam a2200145Ia 4500
008 221007s9999 xx 000 0 und d
041 _aeng
082 _bBHA
100 _aBhandare Poonam K. - 2K111138 & Prof. Ranjana Gogte - Guide
_9101904
245 _aA Study of Stock Market Volatility With Reference to Maruti Suzuki Ltd, State Bank of India, Reliance Power Ltd.
260 _c2013
_bPune University
_aPune
300 _a62p
520 _aGogate Ranjana
906 _bGeneral
999 _c69059
_d69059